000 00440nam a2200157 4500
001 149070
003 ES-MaACL
005 20230906202933.0
007 t|
008 070214s1917 xxk r ||||1| eng d
100 1 _aSwaine, George Raymond.
_9108915
245 1 0 _aEnvironment
_b: a natural Geography /
_cby G. R. Swaine.
260 _aLondon :
_bHerbert Russell,
_c[1917]
300 _a226 p. ;
_c19 x 13 cm.
852 _aES-MaACL
_jD-3765
999 _c149070
_d149070